Music Quiz

Random Music or Song Quiz
Score 0/12 Timer 06:00
0 Plays Today
% Correct
Learn To Fly
94.4%
Big Me
87%
Run
87%
My Hero
83.3%
The Pretender
75.9%
Monkey Wrench
72.2%
Long Road To Ruin
70.4%
All My Life
66.7%
Walk
66.7%
DOA
63%
Low
63%
The One
53.7%
Remove Ads.
Support Sporcle.
Get the best of Sporcle when you Go Orange. This ad-free experience offers more features, more stats, and more fun while also helping to support Sporcle. Thank you for becoming a member.

You're not logged in!

Compare scores with friends on all Sporcle quizzes.
OR
Log In

Show Comments

Extras

Top Quizzes Today


Score Distribution

Your Account Isn't Verified!

In order to create a playlist on Sporcle, you need to verify the email address you used during registration. Go to your Sporcle Settings to finish the process.

Report this User

Report this user for behavior that violates our Community Guidelines.

Details: